El día estético. : (Record no. 36905)
[ view plain ]
| 000 -CABECERA | |
|---|---|
| campo de control de longitud fija | 00837nas a2200241 4500 |
| 001 - NÚMERO DE CONTROL | |
| campo de control | 000037415 |
| 003 - IDENTIFICADOR DEL NÚMERO DE CONTROL | |
| campo de control | DO-SdBNP |
| 005 - FECHA Y HORA DE LA ÚLTIMA TRANSACCIÓN | |
| campo de control | 20240902095851.0 |
| 008 - DATOS DE LONGITUD FIJA--INFORMACIÓN GENERAL | |
| campo de control de longitud fija | 120409c19299999dr ur1p dd 0 z0spa d |
| 040 ## - FUENTE DE LA CATALOGACIÓN | |
| Centro catalogador/agencia de origen | DO-SdBNP |
| Lengua de catalogación | spa |
| Centro/agencia transcriptor | BNPHU |
| 043 ## - CÓDIGO DE ÁREA GEOGRÁFICA | |
| Código de área geográfica | nwdr |
| 245 03 - MENCIÓN DE TÍTULO | |
| Título | El día estético. : |
| Resto del título | revista indouniversal de vanguardia. |
| 260 ## - PUBLICACIÓN, DISTRIBUCIÓN, ETC. | |
| Lugar de publicación, distribución, etc. | Santo Domingo : |
| Nombre del editor, distribuidor, etc. | El Independiente., |
| Fecha de publicación, distribución, etc. | 1929. |
| 300 ## - DESCRIPCIÓN FÍSICA | |
| Extensión | v.- : |
| Otras características físicas | il. ; |
| Dimensiones | 24 cm. |
| 310 ## - PERIODICIDAD ACTUAL | |
| Periodicidad actual | Desconocido |
| 362 1# - FECHAS DE PUBLICACIÓN Y/O DESIGNACIÓN SECUENCIAL | |
| Fecha de publicación y/o designación secuencial | Inicia con: año.1:no.3(1929) |
| 500 ## - NOTA GENERAL | |
| Nota general | Catalogación basada en:año.1:no.3(1929) |
| 500 ## - NOTA GENERAL | |
| Nota general | Director: Domingo Moreno Jiménes |
| 650 #4 - PUNTO DE ACCESO ADICIONAL DE MATERIA--TÉRMINO DE MATERIA | |
| Término de materia o nombre geográfico como elemento de entrada | Literatura |
| Subdivisión de forma | PUBLICACIONES PERIÓDICAS |
| Subdivisión geográfica | República Dominicana |
| 9 (RLIN) | 58834 |
| 651 #4 - PUNTO DE ACCESO ADICIONAL DE MATERIA--NOMBRE GEOGRÁFICO | |
| Nombre geográfico | República Dominicana |
| Subdivisión general | Historia |
| Subdivisión de forma | PUBLICACIONES PERIÓDICAS |
| 9 (RLIN) | 53568 |
| 700 1# - PUNTO DE ACCESO ADICIONAL--NOMBRE DE PERSONA | |
| Nombre de persona | Moreno Jiménes, Domingo |
| Término indicativo de función/relación | ed. |
| 9 (RLIN) | 31950 |
| 942 ## - ELEMENTOS DE PUNTO DE ACCESO ADICIONAL (KOHA) | |
| Fuente del sistema de clasificación o colocación | Dewey Decimal Classification |
| Tipo de ítem Koha | Publicación periódica |
No items available.
